000 00451nam a2200205Ia 4500
001 096370
003 YMCAF
005 20230512162004.0
008 100717s9999 ||||||||||||||||| ||und|d
024 _a96370
035 _a35828
040 _aYMCAF
_beng
_cIN-KoLT
041 _aeng
082 _a621.902
_b3 RAJ
100 _aRaj, Tilak
245 0 _aCNC technology and programming
260 _bDhanpat Rai
300 _a419
942 _2ddc
_cBK
999 _c10095
_d10095